Before and After - Music Acts - Statistics

General Stats
  • This quiz has been taken 63 times
  • The average score is 7 of 15
Answer Stats
Hint Answer % Correct
Half of Wham! with the King of Pop. George Michael Jackson
95%
Culture Club lead singer with a member of the Beatles. Boy George Harrison
93%
Candle in the Wind "Sir" with the artist who used to have "cougar" in his name. Elton John Mellencamp
77%
He's seen fire and he's seen rain, with the girl who wants to "Shake It Off." James Taylor Swift
77%
"Super Freak" singer with the singer who feels good, and knew that he would. Rick James Brown
63%
Stop, collaborate and listen with a member of N.W.A. Vanilla Ice Cube
55%
Former coach on the American version of The Voice with band that has albums "Dookie" and "Nimrod". Cee Lo Green Day
41%
"Motownphilly" group with the group that sang "Safety Dance". Boyz II Men Without Hats
36%
English supergroup of Clapton, Winwood, Baker, and Grech, with "This Kiss" pop/country singer. Blind Faith Hill
34%
Real name is Richard Wayne Penniman, with "Right Here Waiting" singer. Little Richard Marx
32%
Rapper who has numerous albums called "Tha Carter" with "Danke Schoen" singer. Lil Wayne Newton
27%
British singer with Album "Born to Do It" with artist who was the Goblin King in Labyrinth. Craig David Bowie
21%
"Brick" (1997) trio with group that sang "100 years" and "Superman (It's Not Easy)" Ben Folds Five for Fighting
13%
British "Down" and "Do You Remember" singer with Jamaican "Get Busy" and "Temperature" rapper. Jay Sean Paul
13%
Georgia's on his mind, with the "Screaming Eagle of Soul." Ray Charles Bradley
2%
No matching quizzes found
Score Distribution
Percent of People with Each Score
Percentile by Number Answered
Your Score History
You have not taken this quiz